00396 a2200109 4500001001000000005001700010008004100027245012500068100002600193773005000219999001700269ART_4985420260410161843.0260409a 10aLa garantía de estabilidad de la ecuación económico financiera en el contrato de participación público-privada1 aBarra, Rodolfo Carlos0 tRAPg- Año 41, Nº 483 (dic. 2018)wREV5941 c24280d24280